|
|
|
|
| LEADER |
00790nta a2200193 i 4500 |
| 001 |
dipl110756 |
| 005 |
20210304145144.0 |
| 008 |
210304s2009 hu om 0|| zxx d |
| 040 |
|
|
|a SZTE Diploma Repozitórium
|b hun
|
| 041 |
|
|
|a zxx
|
| 100 |
1 |
|
|a Zsigmond Gábor Zoltán
|
| 245 |
1 |
3 |
|a Az európai zongoraiskolák összehasonlítása a XIX. század második felétől napjainkig
|h [elektronikus dokumentum] /
|c Gábor Zoltán Zsigmond
|
| 260 |
|
|
|c 2009
|
| 650 |
|
4 |
|a Művészet
|
| 650 |
|
4 |
|a Humanities
|
| 650 |
|
4 |
|a Arts (arts, history of arts, performing arts, music)
|
| 650 |
|
4 |
|a Performing arts studies (musicology, theater science, dramaturgy)
|
| 700 |
2 |
|
|a Zsigmondné Pap Éva
|e ths
|
| 856 |
4 |
0 |
|u http://diploma.bibl.u-szeged.hu/id/eprint/110756/1/2009_zsigmond_gabor_zoltan.pdf
|z Dokumentum-elérés
|